[Event "American Continental 16th"]
[Site "San Salvador"]
[Date "2022.05.06"]
[Round "6"]
[White "Martinez, Marlon"]
[Black "Garcia Fuentes, Sergio Miguel"]
[Result "0-1"]
[WhiteElo "1711"]
[BlackElo "2105"]
[PlyCount "116"]
[EventDate "2022.05.02"]
[EventType "swiss"]
[EventRounds "11"]
[EventCountry "ESA"]
[SourceTitle "CBM 208 Extra"]
[Source "ChessBase"]
[SourceDate "2022.07.31"]
[SourceVersion "1"]
[SourceVersionDate "2022.07.31"]
[SourceQuality "1"]

1. Nf3 d5 2. e4 dxe4 3. Ng5 Bf5 4. Nc3 Nf6 5. Qe2 Nc6 6. Qc4 e6 7. Ngxe4 Nxe4 8. Nxe4 Qd4 9. Qxd4 Nxd4 10. Bd3 0-0-0 11. b3 Nc6 12. Bb2 Nb4 13. Ke2 Nxd3 14. cxd3 f6 15. Rhc1 Be7 16. f3 Rd5 17. a3 Rhd8 18. Rc3 R8d7 19. Rac1 e5 20. b4 b6 21. h4 h5 22. Rg1 Kb7 23. Bc1 Be6 24. g4 hxg4 25. fxg4 a5 26. bxa5 Rxa5 27. h5 Rd4 28. g5 f5 29. Nf2 Rh4 30. h6 gxh6 31. g6 Ra8 32. Bb2 Rg8 33. Rcc1 Bf6 34. Rcf1 Bh8 35. Rg2 Rh5 36. Rfg1 Bf6 37. g7 Rg5 38. Rxg5 hxg5 39. Rh1 Bxg7 40. Rh7 g4 41. Nd1 f4 42. Nf2 g3 43. Ne4 Bf5 44. Rh1 Bxe4 45. dxe4 Rh8 46. Rxh8 Bxh8 47. Kf3 c5 48. a4 Bf6 49. Bc3 Ka6 50. Kg2 b5 51. axb5+ Kxb5 52. Kf3 Kc4 53. Ba5 Kd3 54. Bc3 Bg7 55. Ba5 Bf8 56. Bc7 Bg7 57. Ba5 g2 58. Kxg2 Ke2 0-1

[Event "Titled Tuesday intern op 29th Mar Early"]
[Site "Chess.com INT"]
[Date "2022.03.29"]
[Round "4"]
[White "Garcia Fuentes, Sergio Miguel"]
[Black "Piliczewski, Bogusz"]
[Result "0-1"]
[WhiteElo "2105"]
[BlackElo "1938"]
[PlyCount "52"]
[EventDate "2022.03.29"]
[EventType "swiss (blitz)"]
[EventRounds "11"]
[EventCountry "USA"]
[SourceTitle "CBM 207 Extra"]
[Source "ChessBase"]
[SourceDate "2022.05.31"]
[SourceVersion "1"]
[SourceVersionDate "2022.05.31"]
[SourceQuality "1"]

1. Nf3 d5 2. d4 Nf6 3. Bf4 Bf5 4. e3 e6 5. c4 c6 6. Qb3 Qb6 7. c5 Qxb3 8. axb3 a6 9. Nc3 Nbd7 10. b4 Rc8 11. h3 h6 12. Nd2 g5 13. Bg3 Bg7 14. Nb3 Ne4 15. Nxe4 dxe4 16. Na5 b5 17. Nb7 Ra8 18. Nd6+ Ke7 19. Be2 Bg6 20. f3 exf3 21. Bxf3 e5 22. Bxc6 exd4 23. Bxa8 Rxa8 24. exd4 Bxd4 25. 0-0-0 Be3+ 26. Rd2 Bxd2+ 0-1

[Event "Mexico City Latinoamericano-B 1st"]
[Site "Mexico City"]
[Date "2021.11.07"]
[Round "9"]
[White "Avila Rodriguez, Joshua Ad"]
[Black "Garcia Fuentes, Sergio Miguel"]
[Result "1-0"]
[WhiteElo "2111"]
[BlackElo "2134"]
[PlyCount "59"]
[EventDate "2021.11.03"]
[EventType "tourn"]
[EventRounds "9"]
[EventCountry "MEX"]
[SourceTitle "CBM 205 Extra"]
[Source "ChessBase"]
[SourceDate "2022.01.31"]
[SourceVersion "1"]
[SourceVersionDate "2022.01.31"]
[SourceQuality "1"]

1. e4 e5 2. Nf3 Nf6 3. Nxe5 d6 4. Nf3 Nxe4 5. d4 d5 6. Bd3 Bd6 7. 0-0 0-0 8. c4 c6 9. Nc3 Nxc3 10. bxc3 dxc4 11. Bxc4 Bg4 12. h3 Bh5 13. g4 Bg6 14. Ne5 Qh4 15. Qf3 Bxe5 16. dxe5 Nd7 17. Re1 Rfe8 18. Bf4 Nb6 19. Bb3 Nd5 20. Kg2 Nxf4+ 21. Qxf4 Rad8 22. Rad1 Rxd1 23. Rxd1 Rd8 24. g5 Be4+ 25. f3 Bxf3+ 26. Kxf3 Qxh3+ 27. Kf2 Qc8 28. Qxf7+ Kh8 29. Rxd8+ Qxd8 30. Ke2 1-0

[Event "Mexico City Latinoamericano-B 1st"]
[Site "Mexico City"]
[Date "2021.11.07"]
[Round "8"]
[White "Garcia Fuentes, Sergio Miguel"]
[Black "Hernandez Jimenez, Alexander Andres"]
[Result "1/2-1/2"]
[WhiteElo "2134"]
[BlackElo "2169"]
[PlyCount "42"]
[EventDate "2021.11.03"]
[EventType "tourn"]
[EventRounds "9"]
[EventCountry "MEX"]
[SourceTitle "CBM 205 Extra"]
[Source "ChessBase"]
[SourceDate "2022.01.31"]
[SourceVersion "1"]
[SourceVersionDate "2022.01.31"]
[SourceQuality "1"]

1. d4 Nf6 2. c4 e6 3. g3 Bb4+ 4. Nd2 c5 5. a3 Bxd2+ 6. Qxd2 cxd4 7. Nf3 b6 8. Bg2 Bb7 9. 0-0 0-0 10. Qxd4 Nc6 11. Qh4 Ne7 12. Bg5 Nf5 13. Qf4 h6 14. Bxf6 Qxf6 15. e4 Ne7 16. Rac1 Rac8 17. Qxf6 gxf6 18. Nd4 a6 19. Rfd1 Rc7 20. f3 Rfc8 21. f4 Rf8 1/2-1/2

[Event "Titled Tuesday intern op 29th June"]
[Site "Chess.com INT"]
[Date "2021.06.29"]
[Round "9"]
[White "Garcia Fuentes, Sergio Miguel"]
[Black "Donatti, Alvaro"]
[Result "1-0"]
[WhiteElo "2134"]
[BlackElo "2193"]
[PlyCount "55"]
[EventDate "2021.06.29"]
[EventType "swiss (blitz)"]
[EventRounds "11"]
[EventCountry "USA"]
[SourceTitle "CBM 203 Extra"]
[Source "ChessBase"]
[SourceDate "2021.09.30"]
[SourceVersion "1"]
[SourceVersionDate "2021.09.30"]
[SourceQuality "1"]

1. d4 Nf6 2. c4 c5 3. d5 b5 4. cxb5 e6 5. Nc3 a6 6. e4 axb5 7. Bxb5 Qb6 8. Nge2 Nxe4 9. 0-0 Nxc3 10. Nxc3 Bb7 11. Re1 g6 12. dxe6 fxe6 13. Nd5 Qd6 14. Rxe6+ Qxe6 15. Nc7+ Kf7 16. Nxe6 dxe6 17. Bd2 Bg7 18. Bc3 Bxc3 19. bxc3 Na6 20. Qd7+ Kf6 21. Qxb7 Rhb8 22. Qf3+ Kg7 23. c4 Nb4 24. h4 Nc2 25. Rd1 Nd4 26. Qe3 Rxa2 27. Qe5+ Kh6 28. Qxb8 1-0

[Event "Titled Tuesday intern op 29th June"]
[Site "Chess.com INT"]
[Date "2021.06.29"]
[Round "2"]
[White "Matinian, Nikita"]
[Black "Garcia Fuentes, Sergio Miguel"]
[Result "1-0"]
[WhiteElo "2462"]
[BlackElo "2134"]
[PlyCount "101"]
[EventDate "2021.06.29"]
[EventType "swiss (blitz)"]
[EventRounds "11"]
[EventCountry "USA"]
[SourceTitle "CBM 203 Extra"]
[Source "ChessBase"]
[SourceDate "2021.09.30"]
[SourceVersion "1"]
[SourceVersionDate "2021.09.30"]
[SourceQuality "1"]

1. e4 e5 2. Bc4 Nf6 3. d3 c6 4. Nf3 Be7 5. 0-0 d6 6. Nc3 0-0 7. a4 Be6 8. Bxe6 fxe6 9. d4 exd4 10. Qxd4 c5 11. Qc4 d5 12. exd5 exd5 13. Qb3 Nc6 14. Qxb7 Nb4 15. Re1 Bd6 16. Bg5 Rb8 17. Qxa7 Ra8 18. Bxf6 Rxf6 19. Qb7 Rb8 20. Qa7 Rf7 21. Qxf7+ Kxf7 22. Re2 d4 23. Ne4 Be7 24. c3 Nc6 25. a5 d3 26. Re3 c4 27. a6 Rxb2 28. h4 Na7 29. Ne5+ Kg8 30. Nxc4 Bxh4 31. Nxb2 d2 32. Rd3 Qb6 33. Nc4 Qc6 34. Ncxd2 h6 35. g3 Be7 36. c4 Kh7 37. c5 Bxc5 38. Rc3 Bxf2+ 39. Kxf2 Qb6+ 40. Ke2 Nb5 41. Rd3 Nd4+ 42. Rxd4 Qxd4 43. Ra3 Qa7 44. Kd1 g5 45. g4 Kg6 46. Rf3 h5 47. Rf6+ Kg7 48. gxh5 g4 49. h6+ Kh7 50. Ng5+ Kh8 51. Rf8# 1-0

[Event "Titled Tuesday intern op 22nd June"]
[Site "Chess.com INT"]
[Date "2021.06.22"]
[Round "10"]
[White "Garcia Fuentes, Sergio Miguel"]
[Black "Rozen, Eytan"]
[Result "0-1"]
[WhiteElo "2134"]
[BlackElo "2354"]
[PlyCount "36"]
[EventDate "2021.06.22"]
[EventType "swiss (blitz)"]
[EventRounds "11"]
[EventCountry "USA"]
[SourceTitle "CBM 203 Extra"]
[Source "ChessBase"]
[SourceDate "2021.09.30"]
[SourceVersion "1"]
[SourceVersionDate "2021.09.30"]
[SourceQuality "1"]

1. d4 Nf6 2. c4 g6 3. Nc3 Bg7 4. g3 0-0 5. Bg2 d6 6. e3 Nc6 7. Nge2 e5 8. 0-0 exd4 9. exd4 Bf5 10. b3 Qd7 11. d5 Nb4 12. Nd4 Bd3 13. Re1 Ng4 14. Bh3 Bxd4 15. Bxg4 f5 16. Ba3 Bxc3 17. Bxb4 Bxb4 18. Qxd3 Bxe1 0-1

[Event "Titled Tuesday intern op 25th May"]
[Site "Chess.com INT"]
[Date "2021.05.25"]
[Round "1"]
[White "Garcia Fuentes, Sergio Miguel"]
[Black "Kim, Yoon Young"]
[Result "0-1"]
[WhiteElo "2134"]
[BlackElo "2321"]
[PlyCount "60"]
[EventDate "2021.05.25"]
[EventType "swiss (blitz)"]
[EventRounds "11"]
[EventCountry "USA"]
[SourceTitle "CBM 203 Extra"]
[Source "ChessBase"]
[SourceDate "2021.09.30"]
[SourceVersion "1"]
[SourceVersionDate "2021.09.30"]
[SourceQuality "1"]

1. Nf3 d5 2. g3 g6 3. Bg2 Bg7 4. d4 Nd7 5. 0-0 Nb6 6. Ne5 Nf6 7. c4 dxc4 8. Na3 Ng4 9. Nxg4 Bxg4 10. Bxb7 0-0 11. Bxa8 Qxa8 12. f3 Bh3 13. Rf2 Rd8 14. e3 c5 15. Nc2 cxd4 16. exd4 e5 17. Bg5 Rd7 18. Rd2 h6 19. Be3 e4 20. d5 Bxb2 21. fxe4 Qe8 22. Rd4 Bxa1 23. Qxa1 h5 24. Rd2 Qxe4 25. Bh6 f5 26. Qf6 Kh7 27. Bf4 Nxd5 28. Qg5 c3 29. Qh6+ Kg8 30. Qxg6+ Rg7 0-1

[Event "Titled Tuesday intern op 18th May"]
[Site "Chess.com INT"]
[Date "2021.05.18"]
[Round "8"]
[White "Deviprasath, Sharvesh"]
[Black "Garcia Fuentes, Sergio Miguel"]
[Result "0-1"]
[WhiteElo "2131"]
[BlackElo "2134"]
[PlyCount "50"]
[EventDate "2021.05.18"]
[EventType "swiss (blitz)"]
[EventRounds "11"]
[EventCountry "USA"]
[SourceTitle "CBM 202 Extra"]
[Source "ChessBase"]
[SourceDate "2021.07.31"]
[SourceVersion "1"]
[SourceVersionDate "2021.07.31"]
[SourceQuality "1"]

1. Nf3 d5 2. c4 c6 3. e3 Nf6 4. Nc3 a6 5. d4 b5 6. b3 Bg4 7. Be2 e6 8. h3 Bh5 9. g4 Bg6 10. Ne5 Bb4 11. Bd2 Bxc3 12. Bxc3 Ne4 13. Bb4 Qh4 14. Rh2 Nd7 15. Nxc6 Ndf6 16. cxb5 Nxf2 17. Rxf2 Ne4 18. Qc1 Qxf2+ 19. Kd1 Ng3 20. Qc5 Qxe2+ 21. Kc1 Qc2+ 22. Qxc2 Bxc2 23. Kxc2 axb5 24. a4 bxa4 25. bxa4 Rc8 0-1

[Event "Titled Tuesday intern op 18th May"]
[Site "Chess.com INT"]
[Date "2021.05.18"]
[Round "10"]
[White "Garcia Fuentes, Sergio Miguel"]
[Black "Prohorov, Olexandr"]
[Result "0-1"]
[WhiteElo "2134"]
[BlackElo "2086"]
[PlyCount "66"]
[EventDate "2021.05.18"]
[EventType "swiss (blitz)"]
[EventRounds "11"]
[EventCountry "USA"]
[SourceTitle "CBM 202 Extra"]
[Source "ChessBase"]
[SourceDate "2021.07.31"]
[SourceVersion "1"]
[SourceVersionDate "2021.07.31"]
[SourceQuality "1"]

1. Nf3 Nf6 2. g3 g6 3. Bg2 Bg7 4. 0-0 0-0 5. d4 d5 6. c4 c6 7. Ne5 Bf5 8. Nc3 dxc4 9. Nxc4 Na6 10. e4 Bg4 11. f3 Be6 12. b3 Nd7 13. Be3 Nb6 14. Na5 Qd7 15. Rc1 Rad8 16. Ne2 f5 17. Qd2 fxe4 18. fxe4 Bg4 19. Rxf8+ Rxf8 20. e5 Nd5 21. Bf2 h5 22. Nc3 Nab4 23. Ne4 Bf3 24. Nc5 Qf5 25. Naxb7 Bxg2 26. Kxg2 Qf3+ 27. Kg1 Bh6 28. Qxh6 Qxf2+ 29. Kh1 Qf3+ 30. Kg1 Qg4 31. Rf1 Rxf1+ 32. Kxf1 Nc2 33. Ne4 Qxe4 0-1

[Event "Titled Tuesday intern op 18th May"]
[Site "Chess.com INT"]
[Date "2021.05.18"]
[Round "4"]
[White "Ponikarovsky, Alexey"]
[Black "Garcia Fuentes, Sergio Miguel"]
[Result "1/2-1/2"]
[WhiteElo "1941"]
[BlackElo "2134"]
[PlyCount "195"]
[EventDate "2021.05.18"]
[EventType "swiss (blitz)"]
[EventRounds "11"]
[EventCountry "USA"]
[SourceTitle "CBM 202 Extra"]
[Source "ChessBase"]
[SourceDate "2021.07.31"]
[SourceVersion "1"]
[SourceVersionDate "2021.07.31"]
[SourceQuality "1"]

1. e4 e5 2. d4 exd4 3. Nf3 Bb4+ 4. c3 dxc3 5. bxc3 Bc5 6. Bc4 d5 7. Bxd5 Nf6 8. 0-0 Nxd5 9. exd5 0-0 10. h3 Bf5 11. Ba3 Nd7 12. Qb3 Be4 13. Nbd2 Bxf3 14. Nxf3 Bxa3 15. Qxa3 Nb6 16. Rad1 Re8 17. Qb3 Qd6 18. c4 Qc5 19. Rc1 Re2 20. Ne1 Rae8 21. Nd3 Qd4 22. c5 Nxd5 23. Rcd1 Nc3 24. Nf4 Nxd1 25. Nxe2 Rxe2 26. Qxd1 Qxd1 27. Rxd1 Kf8 28. Rd7 b6 29. Rxc7 bxc5 30. Rxa7 g6 31. a4 Ra2 32. Rc7 Rxa4 33. Rxc5 Kg7 34. g4 h6 35. Rc6 Ra3 36. Kg2 Ra2 37. Rb6 Ra3 38. Rb4 Ra2 39. h4 Ra3 40. Rc4 Ra2 41. Rc3 Ra4 42. Kg3 h5 43. gxh5 gxh5 44. Rc5 Rg4+ 45. Kh3 Kg6 46. Rc6+ Kg7 47. Rc5 Kg6 48. Rc8 Rf4 49. Kg2 Rxh4 50. Rg8+ Kf6 51. Rh8 Rg4+ 52. Kh3 Rg5 53. f4 Rf5 54. Kg3 Ke6 55. Re8+ Kf6 56. Rh8 Ke6 57. Kf3 f6 58. Ke4 Ra5 59. Re8+ Kf7 60. Rb8 Kg6 61. Rg8+ Kf7 62. Rb8 Kg6 63. Rg8+ Kf7 64. Rg1 Ra4+ 65. Kf5 Ra5+ 66. Ke4 f5+ 67. Kd4 Kf6 68. Rg8 Ra4+ 69. Ke3 h4 70. Rh8 h3 71. Rh6+ Kg7 72. Rh4 Kg6 73. Kf3 Ra3+ 74. Kf2 Kf6 75. Rh6+ Ke7 76. Rb6 h2 77. Kg2 Ra2+ 78. Kh1 Kf7 79. Rc6 Ke7 80. Rg6 Kf7 81. Rh6 Kg7 82. Rc6 Kf7 83. Rc5 Ke6 84. Rb5 Kf6 85. Rb3 Ke6 86. Re3+ Kf6 87. Rh3 Ke6 88. Rd3 Rb2 89. Re3+ Kd5 90. Re5+ Kd4 91. Rxf5 Ke4 92. Rf8 Kf3 93. f5 Kg3 94. Rg8+ Kh3 95. Rh8+ Kg3 96. Rg8+ Kh3 97. Rh8+ Kg3 98. Rg8+ 1/2-1/2

[Event "Titled Tuesday intern op 18th May"]
[Site "Chess.com INT"]
[Date "2021.05.18"]
[Round "11"]
[White "Suasnabar, Jesus"]
[Black "Garcia Fuentes, Sergio Miguel"]
[Result "0-1"]
[WhiteElo "1952"]
[BlackElo "2134"]
[PlyCount "112"]
[EventDate "2021.05.18"]
[EventType "swiss (blitz)"]
[EventRounds "11"]
[EventCountry "USA"]
[SourceTitle "CBM 202 Extra"]
[Source "ChessBase"]
[SourceDate "2021.07.31"]
[SourceVersion "1"]
[SourceVersionDate "2021.07.31"]
[SourceQuality "1"]

1. d4 g6 2. e4 Bg7 3. Nc3 c6 4. h3 d5 5. Nf3 dxe4 6. Nxe4 Nd7 7. Bc4 Ngf6 8. Ng3 0-0 9. 0-0 b5 10. Bb3 Bb7 11. Re1 c5 12. c3 cxd4 13. Nxd4 a6 14. Qe2 e5 15. Nf3 e4 16. Ng5 Nc5 17. Bf4 h6 18. Rad1 Qb6 19. Bxf7+ Rxf7 20. Nxf7 Kxf7 21. Rd6 Qa7 22. Be3 Bf8 23. Rxf6+ Kxf6 24. b4 Re8 25. bxc5 Bxc5 26. Bxc5 Qxc5 27. Qg4 e3 28. Qf4+ Kg7 29. fxe3 Qxc3 30. Re2 Rf8 31. Qd4+ Qxd4 32. exd4 Bd5 33. Ne4 Re8 34. Nc3 Rxe2 35. Nxe2 Bxa2 36. Nc3 Bc4 37. Kf2 b4 38. Na4 Bb5 39. Nc5 a5 40. Ke3 a4 41. Kd2 b3 42. Kc1 Kf6 43. Kb2 Kf5 44. Ka3 Kf6 45. Nb7 Bc6 46. d5 Bxb7 47. Kxa4 Bxd5 48. Kb5 Ke5 49. Kc5 Bxg2 50. Kb5 b2 51. Kb6 b1Q+ 52. Kc7 Qc1+ 53. Kd8 Bxh3 54. Ke7 Qc7+ 55. Kf8 Kf6 56. Kg8 Qg7# 0-1

[Event "Titled Tuesday intern op 11th May"]
[Site "Chess.com INT"]
[Date "2021.05.11"]
[Round "1"]
[White "Garcia Fuentes, Sergio Miguel"]
[Black "Weetik, Vjacheslav"]
[Result "1-0"]
[WhiteElo "2134"]
[BlackElo "2423"]
[PlyCount "121"]
[EventDate "2021.05.11"]
[EventType "swiss (blitz)"]
[EventRounds "11"]
[EventCountry "USA"]
[SourceTitle "CBM 202 Extra"]
[Source "ChessBase"]
[SourceDate "2021.07.31"]
[SourceVersion "1"]
[SourceVersionDate "2021.07.31"]
[SourceQuality "1"]

1. Nf3 Nf6 2. g3 d5 3. Bg2 c6 4. d4 Bf5 5. c4 e6 6. Qb3 Qb6 7. c5 Qa6 8. Bf1 b5 9. Nc3 Nbd7 10. a4 Rb8 11. Bf4 Rb7 12. e3 Qa5 13. Ra2 b4 14. Nb5 Bxc5 15. dxc5 cxb5 16. c6 Nc5 17. cxb7 0-0 18. axb5 Nxb3 19. Rxa5 Nxa5 20. b8Q Rxb8 21. Bxb8 Be4 22. Be2 Nc4 23. Bxa7 Nxb2 24. b6 Nd7 25. b7 Na4 26. b8Q+ Nxb8 27. Bxb8 b3 28. Be5 b2 29. Bxb2 Nxb2 30. 0-0 f6 31. Nd2 Bg6 32. Rc1 Kf8 33. f3 Ke7 34. Kf2 Kd6 35. Rc3 e5 36. Rb3 Na4 37. Rb7 Nc5 38. Rxg7 d4 39. exd4 exd4 40. Nc4+ Kd5 41. Rc7 d3 42. Ne3+ Kd4 43. Bd1 Ne6 44. Rd7+ Kc3 45. f4 Nc5 46. Rc7 Kd4 47. Rxc5 Kxc5 48. f5 Bf7 49. Kf3 Kd4 50. Kf4 Kc3 51. g4 Kd2 52. Bf3 h6 53. h4 Ke1 54. Nd5 d2 55. Nxf6 Bc4 56. Ne4 d1Q 57. Bxd1 Kxd1 58. g5 hxg5+ 59. hxg5 Ke2 60. g6 Kd3 61. f6 1-0

[Event "Titled Tuesday intern op 11th May"]
[Site "Chess.com INT"]
[Date "2021.05.11"]
[Round "5"]
[White "Prithu, Gupta"]
[Black "Garcia Fuentes, Sergio Miguel"]
[Result "0-1"]
[WhiteElo "2472"]
[BlackElo "2134"]
[PlyCount "108"]
[EventDate "2021.05.11"]
[EventType "swiss (blitz)"]
[EventRounds "11"]
[EventCountry "USA"]
[SourceTitle "CBM 202 Extra"]
[Source "ChessBase"]
[SourceDate "2021.07.31"]
[SourceVersion "1"]
[SourceVersionDate "2021.07.31"]
[SourceQuality "1"]

1. c4 c6 2. Nf3 d5 3. g3 Nf6 4. Bg2 Bg4 5. 0-0 Nbd7 6. d3 e6 7. Nc3 Bxf3 8. Bxf3 Ne5 9. Bg2 dxc4 10. d4 Ned7 11. e4 Nb6 12. Be3 Be7 13. f4 0-0 14. g4 Re8 15. g5 Nfd7 16. h4 Bf8 17. Bf2 Rc8 18. h5 Qc7 19. Qg4 c5 20. g6 Nf6 21. gxh7+ Kh8 22. Qg5 cxd4 23. Bxd4 Bc5 24. Rad1 Bxd4+ 25. Rxd4 Nxh7 26. Qe5 Qxe5 27. fxe5 Kg8 28. a4 Rc5 29. Ra1 a5 30. Nb5 Rxe5 31. Nd6 Re7 32. Bf3 Nf6 33. Kf2 Nxh5 34. Rh1 g6 35. Ke3 Kg7 36. Nxc4 Nxc4+ 37. Rxc4 Nf6 38. Kd4 Rg5 39. e5 Nd5 40. Bxd5 Rd7 41. Rc5 Rg4+ 42. Kd3 Rxd5+ 43. Rxd5 exd5 44. Rc1 Rxa4 45. Rc5 Rb4 46. Rc7 Kg8 47. Rc8+ Kg7 48. Rc7 Kf8 49. Rc8+ Ke7 50. Rc7+ Ke6 51. Kc3 Kxe5 52. Rxf7 g5 53. Rg7 Kf6 54. Rc7 g4 0-1

[Event "Titled Tuesday intern op 04th May"]
[Site "Chess.com INT"]
[Date "2021.05.04"]
[Round "5"]
[White "Garcia Fuentes, Sergio Miguel"]
[Black "Rios Parra, Alejandro"]
[Result "0-1"]
[WhiteElo "2134"]
[BlackElo "2247"]
[PlyCount "48"]
[EventDate "2021.05.04"]
[EventType "swiss (blitz)"]
[EventRounds "11"]
[EventCountry "USA"]
[SourceTitle "CBM 202 Extra"]
[Source "ChessBase"]
[SourceDate "2021.07.31"]
[SourceVersion "1"]
[SourceVersionDate "2021.07.31"]
[SourceQuality "1"]

1. Nf3 Nf6 2. g3 b6 3. Bg2 Bb7 4. 0-0 c5 5. c4 e6 6. d4 Be7 7. d5 exd5 8. Nh4 g6 9. Nc3 0-0 10. cxd5 d6 11. Bh6 Re8 12. e4 a6 13. a4 Nbd7 14. f4 Rb8 15. Re1 Qc7 16. Bg5 c4 17. Kh1 Nc5 18. e5 Nh5 19. Bf3 Ng7 20. Bxe7 Rxe7 21. Qd4 Nb3 22. Qf2 Nxa1 23. Rxa1 dxe5 24. d6 Qxd6 0-1

[Event "Titled Tuesday intern op 04th May"]
[Site "Chess.com INT"]
[Date "2021.05.04"]
[Round "1"]
[White "Garcia Fuentes, Sergio Miguel"]
[Black "Shahade, Gregory P"]
[Result "0-1"]
[WhiteElo "2134"]
[BlackElo "2476"]
[PlyCount "88"]
[EventDate "2021.05.04"]
[EventType "swiss (blitz)"]
[EventRounds "11"]
[EventCountry "USA"]
[SourceTitle "CBM 202 Extra"]
[Source "ChessBase"]
[SourceDate "2021.07.31"]
[SourceVersion "1"]
[SourceVersionDate "2021.07.31"]
[SourceQuality "1"]

1. Nf3 Nf6 2. g3 g6 3. Bg2 Bg7 4. 0-0 0-0 5. d4 d5 6. c4 dxc4 7. Ne5 Nc6 8. Nxc6 bxc6 9. e3 Rb8 10. Na3 c5 11. Nxc4 cxd4 12. exd4 Bg4 13. f3 Be6 14. b3 Nd5 15. Bb2 Qc8 16. Re1 Qa6 17. Bf1 Qb7 18. Rc1 Qa6 19. a3 Rfd8 20. b4 Qc8 21. Na5 Rb6 22. Bc4 Qd7 23. Nb3 Qd6 24. Nc5 Bc8 25. Ba1 h5 26. Qb3 c6 27. Kg2 h4 28. Re2 h3+ 29. Kg1 Qf6 30. Rce1 e6 31. Ne4 Qe7 32. Nc3 a5 33. Nxd5 cxd5 34. Bxd5 axb4 35. a4 Qd6 36. Bc4 Bxd4+ 37. Bxd4 Qxd4+ 38. Kh1 Bb7 39. a5 Rbd6 40. a6 Bxa6 41. Bxa6 Rxa6 42. Re4 Qd2 43. R4e2 Qxe2 44. Rxe2 Ra1+ 0-1

[Event "Titled Tuesday intern op 27th Apr"]
[Site "Chess.com INT"]
[Date "2021.04.27"]
[Round "2"]
[White "Kretov, Evgenij"]
[Black "Garcia Fuentes, Sergio Miguel"]
[Result "1-0"]
[WhiteElo "2269"]
[BlackElo "2134"]
[PlyCount "57"]
[EventDate "2021.04.27"]
[EventType "swiss (blitz)"]
[EventRounds "11"]
[EventCountry "USA"]
[SourceTitle "CBM 202 Extra"]
[Source "ChessBase"]
[SourceDate "2021.07.31"]
[SourceVersion "1"]
[SourceVersionDate "2021.07.31"]
[SourceQuality "1"]

1. d4 d5 2. c4 c6 3. Nc3 Nf6 4. e3 e6 5. Nf3 Nbd7 6. Bd3 Bd6 7. e4 dxe4 8. Nxe4 Nxe4 9. Bxe4 Nf6 10. Bc2 c5 11. 0-0 0-0 12. Bg5 Be7 13. Qd3 g6 14. Rad1 cxd4 15. Nxd4 e5 16. Nb5 Be6 17. Qc3 Qc8 18. Nd6 Qc7 19. Qxe5 Nd7 20. Qg3 Bxg5 21. Qxg5 Bxc4 22. Nxc4 Qxc4 23. Bb3 Qc7 24. Qe7 Rad8 25. Rc1 Qe5 26. Bxf7+ Kh8 27. Qxe5+ Nxe5 28. Bb3 Rd2 29. Rc2 1-0

[Event "Titled Tuesday intern op 27th Apr"]
[Site "Chess.com INT"]
[Date "2021.04.27"]
[Round "11"]
[White "Toncheva, Nadya"]
[Black "Garcia Fuentes, Sergio Miguel"]
[Result "0-1"]
[WhiteElo "2207"]
[BlackElo "2134"]
[PlyCount "124"]
[EventDate "2021.04.27"]
[EventType "swiss (blitz)"]
[EventRounds "11"]
[EventCountry "USA"]
[SourceTitle "CBM 202 Extra"]
[Source "ChessBase"]
[SourceDate "2021.07.31"]
[SourceVersion "1"]
[SourceVersionDate "2021.07.31"]
[SourceQuality "1"]

1. e4 c5 2. c3 d6 3. d4 Nf6 4. dxc5 Nc6 5. cxd6 Nxe4 6. Nf3 Nxd6 7. Be2 g6 8. 0-0 Bg7 9. Re1 0-0 10. Bg5 f6 11. Be3 Nf5 12. Qb3+ Kh8 13. Bc5 b6 14. Ba3 Re8 15. Nbd2 e5 16. Rad1 Be6 17. Bc4 Na5 18. Qc2 Nxc4 19. Nxc4 Qc7 20. Nd6 Red8 21. Nxf5 Bxf5 22. Qb3 Rxd1 23. Rxd1 Rd8 24. h3 Rxd1+ 25. Qxd1 Qd7 26. Qxd7 Bxd7 27. Kf1 Kg8 28. Ke2 Bb5+ 29. Ke1 Bc6 30. Ke2 Bb5+ 31. Ke1 Kf7 32. Nd2 f5 33. c4 Bc6 34. f3 g5 35. Ke2 Ke6 36. b4 h5 37. Bc1 Bf8 38. a3 a5 39. bxa5 bxa5 40. Nb3 a4 41. Na1 f4 42. Nc2 Kf5 43. Nb4 Bb7 44. Nd3 e4 45. fxe4+ Bxe4 46. Ne1 g4 47. hxg4+ hxg4 48. Bb2 Bc5 49. Bc1 Bd4 50. Bd2 Bc5 51. Bc1 Ke5 52. Nd3+ Bxd3+ 53. Kxd3 f3 54. g3 Bf2 55. Bf4+ Ke6 56. Kd2 Bc5 57. Kd3 Bxa3 58. Bd2 Bd6 59. Bc1 a3 60. Ke3 a2 61. Bb2 Be5 62. Bxe5 Kxe5 0-1

[Event "Titled Tuesday intern op 13th Apr"]
[Site "Chess.com INT"]
[Date "2021.04.13"]
[Round "11"]
[White "Kiseljova, Marya"]
[Black "Garcia Fuentes, Sergio Miguel"]
[Result "0-1"]
[WhiteElo "2031"]
[BlackElo "2134"]
[PlyCount "70"]
[EventDate "2021.04.13"]
[EventType "swiss (blitz)"]
[EventRounds "11"]
[EventCountry "USA"]
[SourceTitle "CBM 201 Extra"]
[Source "ChessBase"]
[SourceDate "2021.05.31"]
[SourceVersion "1"]
[SourceVersionDate "2021.05.31"]
[SourceQuality "1"]

1. d4 d5 2. Bf4 c5 3. e3 Nc6 4. c3 Qb6 5. Qb3 c4 6. Qxb6 axb6 7. Na3 e5 8. Nb5 Ra5 9. Nc7+ Kd8 10. Nxd5 exf4 11. Bxc4 b5 12. Bb3 Be6 13. 0-0-0 fxe3 14. Nxe3 Bxb3 15. axb3 Ra1+ 16. Kc2 Rxd1 17. Kxd1 Nf6 18. Nf3 Ne4 19. Ke2 Be7 20. d5 Nb8 21. Ne5 Rf8 22. Nf5 g6 23. Nd4 b4 24. c4 Nd7 25. Nd3 Nec5 26. Nxb4 Kc7 27. Nbc2 Bf6 28. b4 Na4 29. b3 Re8+ 30. Kd3 Nab6 31. f4 Ra8 32. Nb5+ Kd8 33. Ncd4 Ra2 34. Rd1 Rxg2 35. c5 Nxd5 0-1